000
00205 a2200109 4500
020
_a
9780021779635
041
_a
spa
100
_a
Anonimo
245
_a
El gentil dragon rojo
942
_c
BK
952
_7
1
999
_c
16878
_d
16878